Kid Presidents Quiz Stats

 Plays Quiz Updated Aug 20, 2012

Challenge
Share
Tweet
Score 0/20 Timer 04:00
1 Play Today
President % Correct
John F. Kennedy
98.6%
Barack Obama
85.5%
George H.W. Bush
67.3%
George W. Bush
54.5%
Bill Clinton
47.7%
Jimmy Carter
43.7%
Ronald Reagan
36.8%
Harry S. Truman
33%
Lyndon B. Johnson
31.7%
Gerald Ford
28.8%
President % Correct
Woodrow Wilson
25.9%
Franklin D. Roosevelt
24.1%
William Howard Taft
21.1%
Richard M. Nixon
20.6%
Calvin Coolidge
19.5%
Teddy Roosevelt
18.3%
Dwight D. Eisenhower
17.9%
Herbert Hoover
16.8%
William McKinley
14.3%
Warren G. Harding
9.5%

You're not logged in!

Compare scores with friends on all Sporcle quizzes.
Join for Free
OR
Log In

You Might Also Like...

Show Comments

Extras

Top Quizzes Today


Score Distribution

Your Account Isn't Verified!

In order to create a playlist on Sporcle, you need to verify the email address you used during registration. Go to your Sporcle Settings to finish the process.

Report this User

Report this user for behavior that violates our Community Guidelines.

Details: